[Event "C.to Provinciale CO"]
[Site "Como ITA"]
[Date "2009.01.25"]
[Round "3"]
[White "Bellotto, Stefano"]
[Black "Primerano, Carlo"]
[Result "1-0"]
[WhiteElo "1992"]
[BlackElo "1718"]
[PlyCount "137"]
[EventDate "2009.01.24"]

1. d4 Nf6 2. c4 e6 3. Nc3 Bb4 4. e3 b6 5. Bd3 Bb7 6. f3 d5 7. cxd5 exd5 8. Qa4+
Nc6 9. Nge2 O-O 10. O-O a6 11. Bd2 Bd6 12. Rac1 Ne7 13. e4 dxe4 14. fxe4 Ne8
15. Qc2 Ng6 16. e5 Be7 17. Be4 Bxe4 18. Qxe4 Ra7 19. Be3 c5 20. d5 Bg5 21. Bxg5
Qxg5 22. Rf5 Qd8 23. Rd1 f6 24. Nf4 Nxf4 25. Qxf4 g6 26. Qg3 Rg7 27. Rf2 fxe5
28. Rxf8+ Kxf8 29. Qxe5 Qe7 30. Rf1+ Kg8 31. Re1 Qxe5 32. Rxe5 Nd6 33. Re6 Rd7
34. Kf2 Kf7 35. Kf3 b5 36. Kf4 h6 37. b3 Kg7 38. h4 a5 39. g4 c4 40. Ke5 Nf7+
41. Kd4 b4 42. Nd1 c3 43. Ne3 Nd8 44. Ra6 Nb7 45. Ke5 Rc7 46. Nc2 Re7+ 47. Re6
Rf7 48. Rb6 Re7+ 49. Kd4 Kf7 50. d6 Rd7 51. Kd5 Nd8 52. Ra6 Nb7 53. Nd4 Kf6 54.
Rc6 Nd8 55. Rc7 Rf7 56. d7 Re7 57. Nc6 c2 58. Nxe7 Kxe7 59. Rxc2 Kxd7 60. Rc5
Nb7 61. Rb5 Kc7 62. Rxb7+ Kxb7 63. Ke6 g5 64. hxg5 hxg5 65. Kf6 Kc7 66. Kxg5
Kd7 67. Kf6 Ke8 68. Ke6 Kf8 69. Kd6 1-0

[Event "C.to Provinciale CO"]
[Site "Como ITA"]
[Date "2009.01.25"]
[Round "3"]
[White "Boffi, Luigi"]
[Black "Zingale, Giuseppe"]
[Result "1-0"]
[WhiteElo "1624"]
[BlackElo "1398"]
[PlyCount "87"]
[EventDate "2009.01.24"]

1. Nf3 Nc6 2. d4 d5 3. c4 Nf6 4. Nc3 e6 5. Bg5 Be7 6. e3 O-O 7. cxd5 exd5 8.
Be2 Bf5 9. a3 a6 10. O-O Qd7 11. b4 Nd8 12. Rc1 Ne6 13. Bh4 Ne4 14. Bxe7 Nxc3
15. Rxc3 Qxe7 16. Qb3 c6 17. Rfc1 Ng5 18. Nxg5 Qxg5 19. a4 Bh3 20. Bf1 b5 21.
Rxc6 Rab8 22. axb5 axb5 23. R6c5 Rfd8 24. Kh1 Be6 25. Rxb5 Qf6 26. Rxb8 Rxb8
27. Kg1 g6 28. g3 h5 29. Bg2 Qf5 30. Rc5 Rd8 31. b5 Kg7 32. Qc2 Qf6 33. b6 Bf5
34. Qb2 Rb8 35. b7 Be4 36. Rc8 Qd6 37. Bxe4 dxe4 38. Rxb8 Qxb8 39. Qb6 Kf8 40.
Qc6 Kg7 41. Qc8 Qa7 42. b8=Q Qa1+ 43. Kg2 Qd1 44. Qh8# 1-0

[Event "C.to Provinciale CO"]
[Site "Como ITA"]
[Date "2009.01.25"]
[Round "3"]
[White "Colombo, Samuel"]
[Black "Lipari, Alberto"]
[Result "0-1"]
[WhiteElo "1781"]
[BlackElo "1524"]
[PlyCount "62"]
[EventDate "2009.01.24"]

1. Nf3 d5 2. g3 c5 3. Bg2 Nc6 4. d3 Bf5 5. Nbd2 e6 6. c3 Nf6 7. O-O h6 8. Re1
Be7 9. h3 Bh7 10. Nf1 O-O 11. N3h2 Qc7 12. Ne3 Rad8 13. Neg4 Nxg4 14. Nxg4 h5
15. Nh2 Bd6 16. e3 h4 17. Nf1 hxg3 18. f4 d4 19. Bxc6 bxc6 20. Qf3 Bxd3 21. e4
Bxf1 22. Rxf1 dxc3 23. bxc3 c4 24. Be3 Qa5 25. Qxg3 Bc5 26. Rf3 Rd3 27. Kg2
Bxe3 28. Rxe3 Rfd8 29. Qe1 Qh5 30. Rg3 Rd2+ 31. Kf1 Rd1 0-1

[Event "C.to Provinciale CO"]
[Site "Como ITA"]
[Date "2009.01.25"]
[Round "3"]
[White "Crippa, Gabriele"]
[Black "Grassetto, Gilberto"]
[Result "1/2-1/2"]
[WhiteElo "2091"]
[BlackElo "1892"]
[PlyCount "55"]
[EventDate "2009.01.24"]

1. d4 d5 2. Bf4 c6 3. e3 Nf6 4. Nd2 e6 5. Ngf3 a6 6. Ne5 Nbd7 7. Bd3 Nxe5 8.
Bxe5 Bd6 9. O-O b5 10. a4 Bb7 11. e4 Bxe5 12. dxe5 Nd7 13. exd5 exd5 14. Qh5 g6
15. Qh6 Qe7 16. axb5 cxb5 17. e6 fxe6 18. Bxg6+ Kd8 19. Bh5 Kc7 20. Rfe1 e5 21.
Nf3 Rag8 22. g3 e4 23. Rxa6 Bxa6 24. Qxa6 Qb4 25. Qa7+ Kd8 26. Qa8+ Kc7 27.
Qa7+ Kd8 28. Qa8+ 1/2-1/2

[Event "C.to Provinciale CO"]
[Site "Como ITA"]
[Date "2009.01.25"]
[Round "3"]
[White "Dal Lago, Emilio"]
[Black "Lancianese, Giuseppe"]
[Result "0-1"]
[WhiteElo "1475"]
[BlackElo "1804"]
[PlyCount "58"]
[EventDate "2009.01.24"]

1. e4 c5 2. b3 d6 3. h3 e5 4. Bc4 Nf6 5. Nc3 Be7 6. Nd5 Nxe4 7. Nxe7 Qxe7 8.
Be2 Nc6 9. Bf3 Nf6 10. c3 O-O 11. d3 Bf5 12. g4 Bg6 13. Bg2 e4 14. d4 cxd4 15.
cxd4 d5 16. a3 Nd7 17. Ne2 f5 18. g5 Bh5 19. Bf4 Bf3 20. Rg1 Rfe8 21. Qd2 Rac8
22. Be3 Bxe2 23. Kxe2 Nf8 24. h4 Ne6 25. Bh3 g6 26. b4 Qg7 27. f4 Ncxd4+ 28.
Kd1 Nf3 29. Qxd5 Qxa1+ 0-1

[Event "C.to Provinciale CO"]
[Site "Como ITA"]
[Date "2009.01.25"]
[Round "3"]
[White "Gagliardi, Christian"]
[Black "Revinelli, Sergio"]
[Result "1-0"]
[WhiteElo "2209"]
[BlackElo "1868"]
[PlyCount "125"]
[EventDate "2009.01.24"]

1. e4 e5 2. Nf3 Nc6 3. d4 exd4 4. Nxd4 Bc5 5. Be3 Qf6 6. c3 Nge7 7. Bc4 Ne5 8.
Be2 Qg6 9. O-O d5 10. f4 Qxe4 11. Bf2 Qxf4 12. Nb5 Bd6 13. Nxd6+ cxd6 14. Bxa7
Qg5 15. Bd4 O-O 16. Nd2 Bh3 17. Rf2 Bf5 18. Nf3 Nxf3+ 19. Rxf3 Ng6 20. Rg3 Qe7
21. Qd2 Be4 22. Bh5 Ne5 23. a3 f6 24. Rf1 g6 25. Bd1 Rf7 26. Bb3 Kh8 27. Re1
Rff8 28. h3 b5 29. Re2 Qb7 30. Kh2 Rae8 31. Rf2 Re7 32. Bd1 Ref7 33. b3 Kg8 34.
Be2 f5 35. Be3 Qc7 36. Bxb5 Rb8 37. a4 Rc8 38. Bd4 Rcf8 39. Be3 Rc8 40. Bf4 Qb6
41. Qe3 Qb7 42. Qd4 Qe7 43. Bg5 Qf8 44. Qd2 Rfc7 45. Bf4 Kf7 46. b4 Rb8 47. Qd4
Ke6 48. Re3 h6 49. Re1 Rbc8 50. Bd2 g5 51. a5 g4 52. Qe3 Rh7 53. Be2 h5 54. h4
g3+ 55. Qxg3 Rg7 56. Bg5 Rgc7 57. Rc1 d4 58. cxd4 Rxc1 59. Bxc1 Rxc1 60. dxe5
dxe5 61. Qg6+ Kd5 62. b5 f4 63. Bf3 1-0

[Event "C.to Provinciale CO"]
[Site "Como ITA"]
[Date "2009.01.25"]
[Round "3"]
[White "Ghelfi, Giancarlo"]
[Black "Falchi, Claudio"]
[Result "0-1"]
[WhiteElo "1717"]
[BlackElo "1494"]
[PlyCount "88"]
[EventDate "2009.01.24"]

1. e4 c5 2. Nf3 d6 3. d4 cxd4 4. Nxd4 Nf6 5. Nc3 a6 6. Bg5 e6 7. f4 Nbd7 8. Qf3
Qc7 9. O-O-O Be7 10. g4 b5 11. Bxf6 Bxf6 12. Bxb5 Bxd4 13. Bxd7+ Bxd7 14. Rxd4
Rb8 15. a3 O-O 16. Qd3 Rb6 17. Rb4 Rxb4 18. axb4 Qb6 19. Na2 Rc8 20. Rd1 Qf2
21. Qd2 Qxd2+ 22. Rxd2 d5 23. Nc3 Re8 24. exd5 exd5 25. Nxd5 Bxg4 26. Rg2 h5
27. Rg3 Rd8 28. Rd3 Kf8 29. c4 Be2 30. Rc3 Bxc4 31. Nc7 Rd4 32. Re3 g6 33. b3
Rxf4 34. Kb2 Bf1 35. Kc3 Rf2 36. h4 Rf4 37. Re1 Bg2 38. Rg1 Be4 39. Nxa6 Rxh4
40. Nc7 Rg4 41. Rf1 h4 42. Ne6+ Ke7 43. Nf4 g5 44. Nh3 Rg3+ 0-1

[Event "C.to Provinciale CO"]
[Site "Como ITA"]
[Date "2009.01.25"]
[Round "3"]
[White "Guzzetti, Luigi Enrico"]
[Black "Buonocore, Elio"]
[Result "0-1"]
[WhiteElo "1854"]
[BlackElo "2188"]
[PlyCount "122"]
[EventDate "2009.01.24"]

1. e4 c5 2. Nf3 Nc6 3. d4 cxd4 4. Nxd4 Nf6 5. Nc3 e5 6. Nb3 Bb4 7. Bd3 d5 8.
exd5 Nxd5 9. Bd2 Nxc3 10. bxc3 Be7 11. O-O O-O 12. Qh5 g6 13. Qe2 Bg5 14. f4
exf4 15. Bxf4 Bxf4 16. Rxf4 Qd6 17. Raf1 f5 18. h4 Bd7 19. Qf2 Rae8 20. Nc5 Bc8
21. Rb1 b6 22. Nb3 Be6 23. Rd1 Qc7 24. Bb5 Rd8 25. Re1 Bf7 26. Qf3 Ne5 27. Qg3
Bxb3 28. Rb4 Qc5+ 29. Kh1 f4 30. Qg5 Rd5 31. Rxf4 Nf7 32. Qg4 Qxb5 33. axb3 Rf5
34. Rfe4 Ne5 35. Qd1 Rf1+ 36. Kh2 Rxe1 37. Qxe1 Nf7 38. c4 Qc5 39. b4 Qc7+ 40.
g3 Rd8 41. Qe2 Kf8 42. c3 Qd7 43. Rd4 Re8 44. Qf2 Qe7 45. Rf4 Kg8 46. Kh3 Nh6
47. Qd4 Nf5 48. Qd5+ Kg7 49. c5 bxc5 50. bxc5 Qe6 51. Qxe6 Rxe6 52. Ra4 a6 53.
Rb4 Ne7 54. Rb7 Kf6 55. Kg4 Nc6 56. Kf4 h6 57. Rb6 a5 58. g4 g5+ 59. hxg5+
hxg5+ 60. Kf3 Ke5 61. Rb5 Kd5 0-1

[Event "C.to Provinciale CO"]
[Site "Como ITA"]
[Date "2009.01.25"]
[Round "3"]
[White "Liscio, Giovanni"]
[Black "Gonella, Daniele"]
[Result "1-0"]
[WhiteElo "2014"]
[BlackElo "1740"]
[PlyCount "99"]
[EventDate "2009.01.24"]

1. d4 d5 2. c4 c6 3. e3 Nf6 4. Nc3 e6 5. Nf3 Nbd7 6. Bd3 dxc4 7. Bxc4 b5 8. Bd3
Bb7 9. O-O a6 10. Qe2 c5 11. Rd1 Qc7 12. e4 cxd4 13. Nxd4 Bc5 14. Nf3 Ng4 15.
Rf1 Nde5 16. Bf4 Bd6 17. Bxb5+ Kf8 18. Nxe5 Bxe5 19. Bxe5 Qxe5 20. Qxg4 axb5
21. a3 h5 22. Qe2 Bc6 23. Qe3 g5 24. Rad1 Rg8 25. Qd4 Qxd4 26. Rxd4 Ke7 27.
Rfd1 Rad8 28. Rxd8 Rxd8 29. Rxd8 Kxd8 30. Kf1 Ke7 31. Ke2 f5 32. Ke3 Kd6 33.
exf5 exf5 34. g3 Kc5 35. Ne2 Kc4 36. b3+ Kd5 37. h4 gxh4 38. gxh4 Ke5 39. f4+
Kd6 40. Ng3 Ke6 41. Nxh5 Bd5 42. b4 Bc6 43. Kd4 Kf7 44. Ke5 Kg6 45. Ng3 Bd7 46.
h5+ Kh6 47. Nxf5+ Kxh5 48. Nd4 Kg4 49. f5 Kg5 50. Kd6 1-0

[Event "C.to Provinciale CO"]
[Site "Como ITA"]
[Date "2009.01.25"]
[Round "3"]
[White "Minelli, Marco"]
[Black "Guglielmetti, Oscar"]
[Result "0-1"]
[WhiteElo "1380"]
[BlackElo "1594"]
[PlyCount "62"]
[EventDate "2009.01.24"]

1. c4 Nf6 2. b3 e6 3. Bb2 Be7 4. d3 O-O 5. Nf3 c6 6. g3 d5 7. Bg2 Re8 8. O-O
Bd6 9. Nbd2 e5 10. e4 d4 11. Qc2 c5 12. Rfe1 h6 13. Nh4 Rf8 14. Nf5 Bxf5 15.
exf5 Qc7 16. Ne4 Nxe4 17. Bxe4 Nd7 18. Rad1 Nf6 19. Bg2 Rae8 20. Qe2 Qd7 21.
Qf3 b6 22. Bc1 Nh7 23. Re4 a5 24. a4 Nf6 25. Re2 Kh7 26. Bh3 Qc7 27. Qh1 Rh8
28. Qf3 e4 29. Qg4 exd3 30. Rxe8 Rxe8 31. Rxd3 Re1+ 0-1

[Event "C.to Provinciale CO"]
[Site "Como ITA"]
[Date "2009.01.25"]
[Round "3"]
[White "Napoli, Ferdinando"]
[Black "Coppola, Guido"]
[Result "1/2-1/2"]
[WhiteElo "1731"]
[BlackElo "2012"]
[PlyCount "48"]
[EventDate "2009.01.24"]

1. b3 d5 2. Bb2 Nf6 3. e3 e6 4. Nf3 Be7 5. Be2 O-O 6. d4 Nbd7 7. Nbd2 b6 8. O-O
Bb7 9. c4 c5 10. Re1 cxd4 11. Nxd4 dxc4 12. Bxc4 Nc5 13. N2f3 Nce4 14. Ne5 Bb4
15. Nec6 Bxc6 16. Nxc6 Qxd1 17. Rexd1 Bc3 18. Bxc3 Nxc3 19. Rd3 Ncd5 20. Rad1
g6 21. a3 Kg7 22. Ba6 Ne4 23. b4 Nd6 24. f3 Nc7 1/2-1/2

[Event "C.to Provinciale CO"]
[Site "Como ITA"]
[Date "2009.01.25"]
[Round "3"]
[White "Orsenigo, Davide"]
[Black "Bernasconi, Roberto"]
[Result "0-1"]
[WhiteElo "1879"]
[BlackElo "1929"]
[PlyCount "66"]
[EventDate "2009.01.24"]

1. e4 e5 2. Nf3 Nf6 3. Nxe5 d6 4. Nf3 Nxe4 5. Nc3 Nxc3 6. dxc3 Be7 7. Be3 O-O
8. Qd2 Nc6 9. O-O-O Be6 10. Nd4 a6 11. Nxe6 fxe6 12. g4 Ne5 13. Be2 b5 14. g5
c5 15. h4 Qa5 16. h5 Qxa2 17. Qe1 b4 18. cxb4 Rab8 19. Qc3 Rxb4 20. b3 Rfb8 21.
Kd2 Rxb3 22. Ra1 Qb2 23. Qxb2 Rxb2 24. Rxa6 R2b6 25. Ra7 Bf8 26. f4 Nc6 27. Ra4
Rb2 28. Bg4 e5 29. Be6+ Kh8 30. Bb3 R2xb3 31. g6 R8b4 32. Ra8 Rb8 33. Ra6 Nb4
0-1

[Event "C.to Provinciale CO"]
[Site "Como ITA"]
[Date "2009.01.25"]
[Round "3"]
[White "Rizzi, Pierantonio"]
[Black "Pozzi, Marco"]
[Result "1-0"]
[WhiteElo "1416"]
[BlackElo "1613"]
[PlyCount "85"]
[EventDate "2009.01.24"]

1. e4 e6 2. Nc3 c5 3. Nf3 Nc6 4. d4 d5 5. Bb5 Bd7 6. O-O dxe4 7. Nxe4 cxd4 8.
Bxc6 Bxc6 9. Qd3 Qc7 10. Ned2 Rd8 11. a4 Nf6 12. h3 Bb4 13. Nb3 e5 14. Bg5 Kf8
15. Bxf6 gxf6 16. Qf5 Bd7 17. Qxf6 Rg8 18. Ng5 Bc8 19. Qh6+ Ke7 20. Nxh7 Rd6
21. Qh4+ f6 22. Nxf6 Rxf6 23. Qh7+ Rf7 24. Qxg8 Be6 25. Qg5+ Kd6 26. Rac1 Bxh3
27. Qh6+ Be6 28. c3 dxc3 29. Rfd1+ Ke7 30. Qh4+ Ke8 31. Qxb4 Rf4 32. Qb5+ Kf7
33. Rxc3 Qe7 34. Nc5 b6 35. Nxe6 Kxe6 36. Qd5+ Kf5 37. Qd3+ Kg5 38. Qd2 Kf5 39.
Rh3 Qc5 40. Qd3+ Ke6 41. Rh6+ Kf7 42. Qh7+ Ke8 43. Qd7+ 1-0

[Event "C.to Provinciale CO"]
[Site "Como ITA"]
[Date "2009.01.25"]
[Round "3"]
[White "Rossi, Giampiero"]
[Black "Raineri, Pieroberto"]
[Result "1-0"]
[WhiteElo "1948"]
[BlackElo "1669"]
[PlyCount "55"]
[EventDate "2009.01.24"]

1. d4 Nf6 2. c4 g6 3. g3 Bg7 4. Bg2 O-O 5. Nc3 d6 6. Nf3 Nbd7 7. O-O e5 8. Qc2
Re8 9. Rd1 Qe7 10. b3 h6 11. e3 Nh7 12. Bb2 Ng5 13. Nxg5 hxg5 14. Nd5 Qd8 15.
dxe5 Nxe5 16. f4 Ng4 17. Bxg7 Kxg7 18. Qc3+ Kh6 19. h3 c6 20. hxg4 cxd5 21.
Rxd5 gxf4 22. g5+ Kh7 23. gxf4 Qb6 24. Kf2 Bg4 25. Rh1+ Bh5 26. Bf3 Rh8 27.
Bxh5 gxh5 28. Rxh5+ 1-0

[Event "C.to Provinciale CO"]
[Site "Como ITA"]
[Date "2009.01.25"]
[Round "4"]
[White "Arboscelli, Gregorio"]
[Black "Crippa, Gabriele"]
[Result "0-1"]
[WhiteElo "1897"]
[BlackElo "2091"]
[PlyCount "52"]
[EventDate "2009.01.24"]

1. d4 d6 2. c4 Nf6 3. Nc3 Bf5 4. Nf3 h6 5. g3 Nc6 6. Bg2 Qd7 7. a3 Ne4 8. O-O
Nxc3 9. bxc3 e5 10. d5 Na5 11. Nd2 Be7 12. e4 Bg6 13. Rb1 O-O 14. Qe2 f5 15.
Nb3 Nxb3 16. Rxb3 b6 17. f3 fxe4 18. fxe4 Rxf1+ 19. Qxf1 Qa4 20. Rb4 Qc2 21.
Qe1 Rf8 22. c5 dxc5 23. Rb2 Qd3 24. Rf2 Rxf2 25. Kxf2 c4 26. h4 Bc5+ 0-1

[Event "C.to Provinciale CO"]
[Site "Como ITA"]
[Date "2009.01.25"]
[Round "4"]
[White "Bellotto, Stefano"]
[Black "Gagliardi, Christian"]
[Result "0-1"]
[WhiteElo "1992"]
[BlackElo "2209"]
[PlyCount "77"]
[EventDate "2009.01.24"]

1. d4 Nf6 2. c4 g6 3. Nc3 Bg7 4. e4 d6 5. f3 O-O 6. Be3 c5 7. d5 Na6 8. Bd3 Nc7
9. Nge2 Bd7 10. Qd2 a6 11. a4 b6 12. O-O Rb8 13. Nc1 b5 14. axb5 axb5 15. cxb5
Nxb5 16. Nxb5 Bxb5 17. Ra3 Nd7 18. b3 Ne5 19. Kh1 Nxd3 20. Nxd3 Ra8 21. Rxa8
Qxa8 22. Rb1 Qa3 23. Qc2 Ra8 24. Bc1 Qa2 25. Qxa2 Rxa2 26. Nb2 Be2 27. f4 Bd4
28. h3 f5 29. exf5 gxf5 30. Kh2 Kf7 31. Kg3 h5 32. Kh4 Kg6 33. Kg3 Kf6 34. Kh2
h4 35. Kh1 Bh5 36. Nc4 Bd1 37. Be3 Bc2 38. Bxd4+ cxd4 39. b4 0-1

[Event "C.to Provinciale CO"]
[Site "Como ITA"]
[Date "2009.01.25"]
[Round "4"]
[White "Betori, Alessandro"]
[Black "Pede, Lucio"]
[Result "1-0"]
[WhiteElo "1662"]
[BlackElo "1965"]
[PlyCount "73"]
[EventDate "2009.01.24"]

1. Nf3 d5 2. d3 Nc6 3. g3 Bg4 4. Bg2 Qd7 5. h3 Bh5 6. c3 e5 7. Nbd2 f5 8. e4
dxe4 9. dxe4 O-O-O 10. Qc2 Bg6 11. O-O Nf6 12. Nh4 Nxe4 13. Nxe4 fxe4 14. Nxg6
hxg6 15. Qxe4 Bd6 16. Bg5 Rde8 17. b4 Qf5 18. h4 Be7 19. b5 Qxe4 20. Bxe4 Bxg5
21. bxc6 Bd2 22. cxb7+ Kb8 23. c4 Bc3 24. Rab1 Re6 25. Rb3 Bd4 26. Rf3 Rf6 27.
Rxf6 gxf6 28. Bxg6 Kxb7 29. Rb1+ Kc6 30. Kg2 Kc5 31. Bf7 Rh7 32. Rb5+ Kd6 33.
Bg6 Rg7 34. h5 c6 35. Rb8 Bc3 36. Bf5 Bd2 37. Rd8+ 1-0

[Event "C.to Provinciale CO"]
[Site "Como ITA"]
[Date "2009.01.25"]
[Round "4"]
[White "Boffi, Luigi"]
[Black "Cacia, Vincenzo"]
[Result "1-0"]
[WhiteElo "1624"]
[BlackElo "1434"]
[PlyCount "110"]
[EventDate "2009.01.24"]

1. Nf3 Nc6 2. d4 d5 3. c4 e6 4. Nc3 Nf6 5. Bg5 Be7 6. e3 h6 7. Bh4 O-O 8. a3
Nh5 9. Bxe7 Nxe7 10. Be2 b6 11. cxd5 exd5 12. b4 a6 13. Rc1 Nf6 14. O-O Bd7 15.
Qb3 Re8 16. a4 a5 17. b5 Rc8 18. Ne5 Ne4 19. Nxe4 dxe4 20. Nxf7 Be6 21. Qxe6
Qd5 22. Qxd5 Nxd5 23. Ne5 Kh7 24. Bg4 Rcd8 25. Bf5+ Kg8 26. Bxe4 Re7 27. Nc6
Ree8 28. Nxd8 Rxe4 29. Nc6 g5 30. Ne5 Kg7 31. Rc6 Kh7 32. h3 h5 33. Nf3 Re7 34.
Nxg5+ Kg7 35. Nf3 Nb4 36. Rc4 Kg6 37. Rd1 Kf5 38. Ne5 Ke6 39. Nc6 Re8 40. Nxb4
axb4 41. Rxb4 Kd5 42. Rc1 Kd6 43. Rc6+ Kd7 44. Rbc4 Rc8 45. Rh6 Ke7 46. Rh7+
Kd8 47. Rh8+ Kd7 48. Rxc8 Kxc8 49. Rc6 h4 50. g4 Kb7 51. g5 Kc8 52. g6 Kb7 53.
g7 Kc8 54. g8=Q+ Kb7 55. Qg7 Ka8 1-0

[Event "C.to Provinciale CO"]
[Site "Como ITA"]
[Date "2009.01.25"]
[Round "4"]
[White "Buonocore, Elio"]
[Black "Liscio, Giovanni"]
[Result "1/2-1/2"]
[WhiteElo "2188"]
[BlackElo "2014"]
[PlyCount "26"]
[EventDate "2009.01.24"]

1. e4 c6 2. d4 d5 3. Nd2 dxe4 4. Nxe4 Nd7 5. Bd3 Ngf6 6. Ng5 e6 7. N1f3 Bd6 8.
Qe2 Qe7 9. Ne5 O-O 10. f4 c5 11. dxc5 Nxc5 12. Bd2 Nxd3+ 13. Nxd3 b6 1/2-1/2

[Event "C.to Provinciale CO"]
[Site "Como ITA"]
[Date "2009.01.25"]
[Round "4"]
[White "Colombo, Samuel"]
[Black "Mason, Giovanni"]
[Result "1-0"]
[WhiteElo "1781"]
[BlackElo "1565"]
[PlyCount "75"]
[EventDate "2009.01.24"]

1. Nf3 Nf6 2. g3 g6 3. Bg2 Bg7 4. O-O d6 5. d3 Nbd7 6. c3 O-O 7. Nbd2 Re8 8.
Re1 e5 9. e4 b6 10. Qc2 a5 11. a4 Bb7 12. Nf1 Nf8 13. Ne3 Bh6 14. Nd5 Bxc1 15.
Nxf6+ Qxf6 16. Qxc1 Qg7 17. h4 Nd7 18. Qd1 Bc8 19. d4 Nf6 20. d5 Bg4 21. Qd3
Rec8 22. Nd2 Bd7 23. Nf1 Ne8 24. Ne3 c5 25. dxc6 Rxc6 26. Nd5 f6 27. Red1 Rb8
28. Bf1 Rcc8 29. Qe3 Kh8 30. Nxb6 Rc5 31. Nxd7 Qxd7 32. Bb5 Qc7 33. Rd2 Ng7 34.
Rad1 Rd8 35. Qf3 f5 36. exf5 Nxf5 37. g4 Ng7 38. Rxd6 1-0

[Event "C.to Provinciale CO"]
[Site "Como ITA"]
[Date "2009.01.25"]
[Round "4"]
[White "Corti, Filippo"]
[Black "Primerano, Carlo"]
[Result "1/2-1/2"]
[WhiteElo "1735"]
[BlackElo "1718"]
[PlyCount "110"]
[EventDate "2009.01.24"]

1. Nf3 e6 2. g3 d5 3. Bg2 Nf6 4. d3 Be7 5. O-O O-O 6. Nbd2 Nbd7 7. Re1 c6 8. h3
Qc7 9. e4 e5 10. exd5 cxd5 11. Nf1 Re8 12. Bg5 Bd6 13. Qc1 h6 14. Bd2 Nf8 15.
c4 d4 16. b4 Ng6 17. c5 Bf8 18. g4 Bd7 19. g5 hxg5 20. Nxg5 Nf4 21. Bxf4 exf4
22. Ne4 Nxe4 23. Bxe4 Bxh3 24. Qd1 g6 25. Qf3 Bd7 26. Nh2 Bc6 27. Ng4 Bg7 28.
Bxc6 bxc6 29. Kg2 f5 30. Nh2 g5 31. Qh5 Qf7 32. Qxg5 Re6 33. Rxe6 Qxe6 34. Nf3
Kf7 35. Re1 Qd7 36. Qxf4 Bf6 37. Ne5+ Bxe5 38. Rxe5 Rg8+ 39. Kf1 Kf6 40. Re1
Qd5 41. Qh4+ Rg5 42. Qh6+ Rg6 43. Qh4+ Rg5 44. Qh2 Rg7 45. Qd6+ Qxd6 46. cxd6
Rd7 47. Re7 Rxe7 48. dxe7 Kxe7 49. Ke2 Kd6 50. f4 a6 51. Kd2 c5 52. bxc5+ Kxc5
53. Kc2 a5 54. Kb3 Kb5 55. a3 a4+ 1/2-1/2

[Event "C.to Provinciale CO"]
[Site "Como ITA"]
[Date "2009.01.25"]
[Round "4"]
[White "Corti, Massimo"]
[Black "Rizzi, Pierantonio"]
[Result "1-0"]
[WhiteElo "2057"]
[BlackElo "1416"]
[PlyCount "71"]
[EventDate "2009.01.24"]

1. Nf3 Nf6 2. c4 Nc6 3. d4 e6 4. g3 b6 5. Bg2 Bb7 6. O-O Be7 7. Nc3 Rb8 8. e4
d6 9. d5 exd5 10. cxd5 Ne5 11. Nd4 a6 12. Nce2 O-O 13. Nf4 c6 14. dxc6 Ba8 15.
Nd5 Nxc6 16. Nf5 Nxd5 17. Qxd5 Ne5 18. Qd4 Bf6 19. Qxd6 g6 20. Nh6+ Kh8 21. Qa3
Rc8 22. Bf4 Nc4 23. Qxa6 g5 24. Rad1 Qe8 25. b3 Ne5 26. Qxb6 Nd7 27. Rxd7 Rc6
28. Qa7 Kg7 29. Nf5+ Kg6 30. Bd6 Rxd6 31. Nxd6 Qe6 32. Nxf7 Rxf7 33. Rxf7 Bxe4
34. Rxf6+ Kxf6 35. Qd4+ Kf5 36. Qxe4+ 1-0

[Event "C.to Provinciale CO"]
[Site "Como ITA"]
[Date "2009.01.25"]
[Round "4"]
[White "Falchi, Claudio"]
[Black "Napoli, Ferdinando"]
[Result "0-1"]
[WhiteElo "1494"]
[BlackElo "1731"]
[PlyCount "86"]
[EventDate "2009.01.24"]

1. e4 c5 2. Nf3 d6 3. d4 cxd4 4. Nxd4 Nf6 5. Nc3 a6 6. Bg5 e6 7. f4 Nbd7 8. Qf3
Qc7 9. O-O-O b5 10. a3 Bb7 11. Bd3 Be7 12. g4 Rc8 13. Rde1 Nc5 14. Rhg1 h6 15.
Bh4 Nfxe4 16. Bxe7 Nxc3 17. Bxd6 Qxd6 18. Nf5 Nxd3+ 19. cxd3 Qc7 20. Qxb7 Qxb7
21. Nd6+ Ke7 22. Nxb7 Ne2+ 23. Kd2 Nxg1 24. Rxg1 Rc7 25. Na5 Rhc8 26. b4 Rc2+
27. Ke3 Rxh2 28. Re1 Rg2 29. Kf3 Ra2 30. f5 Rxa3 31. fxe6 fxe6 32. Rd1 Rcc3 33.
Ke4 Rxa5 34. bxa5 Ra3 35. Rc1 Rxa5 36. Rc7+ Kf6 37. Rc5 Ra4+ 38. d4 Rc4 39.
Rxc4 bxc4 40. Ke3 a5 41. Kd2 a4 42. Kc3 a3 43. Kc2 Kg5 0-1

[Event "C.to Provinciale CO"]
[Site "Como ITA"]
[Date "2009.01.25"]
[Round "4"]
[White "Ghelfi, Giancarlo"]
[Black "Campanini, Ambrogio"]
[Result "1-0"]
[WhiteElo "1717"]
[BlackElo "1556"]
[PlyCount "69"]
[EventDate "2009.01.24"]

1. e4 e5 2. Nf3 Nc6 3. Bb5 Nf6 4. O-O a6 5. Ba4 b5 6. Bb3 d6 7. Re1 Be7 8. c3
O-O 9. d4 exd4 10. cxd4 Bg4 11. Nc3 Bxf3 12. gxf3 Nh5 13. Kh1 Bg5 14. Bd5 Bxc1
15. Rxc1 Qd7 16. Ne2 Ne7 17. Bxa8 Rxa8 18. Rg1 f6 19. Qd2 Qh3 20. Ng3 Rc8 21.
Nxh5 Qxh5 22. Rg3 Qf7 23. d5 Ng6 24. Rcg1 Kh8 25. Qc1 Rg8 26. Qc2 Ne5 27. f4
Ng6 28. Qd2 f5 29. Qe3 Re8 30. Qf3 Nh4 31. Qd1 Ng6 32. Qh5 Kg8 33. exf5 Qxd5+
34. f3 Rf8 35. Rg5 1-0

[Event "C.to Provinciale CO"]
[Site "Como ITA"]
[Date "2009.01.25"]
[Round "4"]
[White "Gonella, Daniele"]
[Black "Lipari, Alberto"]
[Result "1-0"]
[WhiteElo "1740"]
[BlackElo "1524"]
[PlyCount "55"]
[EventDate "2009.01.24"]

1. e4 c5 2. c3 Nc6 3. Nf3 e6 4. d4 cxd4 5. cxd4 Bb4+ 6. Bd2 d6 7. Bxb4 Nxb4 8.
Qa4+ Nc6 9. d5 Qa5+ 10. Qxa5 Nxa5 11. b4 exd5 12. exd5 Nc6 13. dxc6 bxc6 14.
Nc3 Nf6 15. b5 c5 16. Bc4 Bb7 17. Rd1 Rd8 18. Nd5 Nxd5 19. Bxd5 Bc8 20. Bc6+
Bd7 21. O-O Bxc6 22. bxc6 O-O 23. Rfe1 d5 24. Re7 a5 25. c7 Rc8 26. Rxd5 Rxc7
27. Rxc7 Rb8 28. Rdxc5 1-0

[Event "C.to Provinciale CO"]
[Site "Como ITA"]
[Date "2009.01.25"]
[Round "4"]
[White "Grassetto, Gilberto"]
[Black "Rossi, Giampiero"]
[Result "0-1"]
[WhiteElo "1892"]
[BlackElo "1948"]
[PlyCount "92"]
[EventDate "2009.01.24"]

1. d4 d5 2. Nf3 c6 3. e3 Bf5 4. c4 e6 5. Nbd2 Nd7 6. Be2 h6 7. a3 Ngf6 8. b4
Be7 9. Bb2 O-O 10. O-O a6 11. h3 Ne4 12. Nxe4 Bxe4 13. Bd3 Bxd3 14. Qxd3 Qb6
15. c5 Qb5 16. Qxb5 axb5 17. Ra2 Ra4 18. Rfa1 Rfa8 19. Nd2 Bd8 20. f3 Bc7 21.
Kf2 f5 22. g4 Kf7 23. e4 fxe4 24. fxe4 Bf4 25. Nb1 Nf6 26. Nc3 Nxe4+ 27. Nxe4
dxe4 28. Re1 e3+ 29. Kf3 g5 30. Ke4 Rxb4 31. Bc1 Raa4 32. axb4 Rxa2 33. Bxe3
Bxe3 34. Rxe3 Rb2 35. Ke5 Ke7 36. Ke4 Rxb4 37. Ra3 Ra4 38. Rb3 Ra1 39. Rd3 Re1+
40. Kf3 e5 41. Re3 Rxe3+ 42. Kxe3 exd4+ 43. Kxd4 Kf6 44. Ke4 Ke6 45. Kd4 b4 46.
Kc4 Ke5 0-1

[Event "C.to Provinciale CO"]
[Site "Como ITA"]
[Date "2009.01.25"]
[Round "4"]
[White "Guglielmetti, Oscar"]
[Black "Guzzetti, Luigi Enrico"]
[Result "1-0"]
[WhiteElo "1594"]
[BlackElo "1854"]
[PlyCount "83"]
[EventDate "2009.01.24"]

1. f4 Nf6 2. Nf3 g6 3. e3 Bg7 4. Be2 d6 5. O-O O-O 6. c3 c5 7. Qe1 Nc6 8. Na3
a6 9. Qh4 Bg4 10. Nc2 Rc8 11. Nce1 h5 12. Bd3 e5 13. h3 Bxf3 14. gxf3 exf4 15.
Qxf4 Ne5 16. Bc2 c4 17. d4 cxd3 18. Nxd3 Nfd7 19. Nf2 Rc4 20. Qg3 Qh4 21. Nh1
Qe7 22. f4 Nc6 23. Bd3 Rc5 24. Nf2 g5 25. e4 gxf4 26. Bxf4 Nce5 27. Rae1 Kh7
28. Kh1 Rg8 29. Rg1 Rcc8 30. Qe3 Nc5 31. Rg5 Rh8 32. Bxe5 Bxe5 33. Rxh5+ Kg6
34. Rxh8 Rxh8 35. Rg1+ Kf6 36. Bc4 Ne6 37. Ng4+ Kg7 38. Nxe5+ Kf8 39. Nd3 Qh4
40. Bxe6 fxe6 41. Nf4 Qf6 42. Ng6+ 1-0